<?xml version="1.0" encoding="UTF-8"?>
<record
    xmlns:xsi="http://www.w3.org/2001/XMLSchema-instance"
    xsi:schemaLocation="http://www.loc.gov/MARC21/slim http://www.loc.gov/standards/marcxml/schema/MARC21slim.xsd"
    xmlns="http://www.loc.gov/MARC21/slim">

  <leader>00506nam a22001817a 4500</leader>
  <controlfield tag="003">OSt</controlfield>
  <controlfield tag="005">20260430052732.0</controlfield>
  <controlfield tag="008">260430b        |||||||| |||| 00| 0 eng d</controlfield>
  <datafield tag="020" ind1=" " ind2=" ">
    <subfield code="a">	0-8039-3323-1</subfield>
  </datafield>
  <datafield tag="040" ind1=" " ind2=" ">
    <subfield code="a">DWC-Main lib </subfield>
    <subfield code="c">OC </subfield>
  </datafield>
  <datafield tag="082" ind1=" " ind2=" ">
    <subfield code="a">Circ. 301 Y14 1991</subfield>
  </datafield>
  <datafield tag="100" ind1=" " ind2=" ">
    <subfield code="a">Yamaguchi Kazuo </subfield>
  </datafield>
  <datafield tag="245" ind1=" " ind2=" ">
    <subfield code="a">Event history analysis/ </subfield>
    <subfield code="c">Yamaguchi Kazuo </subfield>
  </datafield>
  <datafield tag="260" ind1=" " ind2=" ">
    <subfield code="a">New Delhi : </subfield>
    <subfield code="b">Sage pub.,</subfield>
    <subfield code="c"> c1991. </subfield>
  </datafield>
  <datafield tag="300" ind1=" " ind2=" ">
    <subfield code="a">181 p. ;</subfield>
    <subfield code="c"> 23 cm.</subfield>
  </datafield>
  <datafield tag="504" ind1=" " ind2=" ">
    <subfield code="a">include reference.</subfield>
  </datafield>
  <datafield tag="942" ind1=" " ind2=" ">
    <subfield code="2">ddc</subfield>
    <subfield code="c">BK-CIRC</subfield>
    <subfield code="k">Circ. </subfield>
    <subfield code="n">0</subfield>
  </datafield>
  <datafield tag="952" ind1=" " ind2=" ">
    <subfield code="0">0</subfield>
    <subfield code="1">0</subfield>
    <subfield code="2">ddc</subfield>
    <subfield code="4">0</subfield>
    <subfield code="7">0</subfield>
    <subfield code="a">DWCLCOL</subfield>
    <subfield code="b">DWCLCOL</subfield>
    <subfield code="c">Circulation</subfield>
    <subfield code="d">2026-04-30</subfield>
    <subfield code="e">School Fund </subfield>
    <subfield code="l">0</subfield>
    <subfield code="o">Circ. 301 Y14 1991</subfield>
    <subfield code="p">CL33858</subfield>
    <subfield code="r">2026-04-30</subfield>
    <subfield code="t">c1</subfield>
    <subfield code="w">2026-04-30</subfield>
    <subfield code="y">BK-CIRC</subfield>
    <subfield code="0"></subfield>
    <subfield code="@"></subfield>
    <subfield code="u"></subfield>
  </datafield>
  <datafield tag="999" ind1=" " ind2=" ">
    <subfield code="c">10123</subfield>
    <subfield code="d">10123</subfield>
  </datafield>
</record>
